ARRUPE JESUIT UNIVERSITY

CORONAVIRUS -STOP THE SPREAD - CLEAN,DISINFECT,COVER

Psychology of Learning and Behaviour (Record no. 120421)

MARC details
000 -LEADER
fixed length control field 00326nam a22001097a 4500
008 - FIXED-LENGTH DATA ELEMENTS--GENERAL INFORMATION
fixed length control field 140422b xxu||||| |||| 00| 0 eng d
050 ## - LIBRARY OF CONGRESS CALL NUMBER
Classification number BF319.S38 1978
100 ## - MAIN ENTRY--PERSONAL NAME
Personal name Schwartz Barry
9 (RLIN) 9925
245 ## - TITLE STATEMENT
Title Psychology of Learning and Behaviour
Statement of responsibility, etc Barry Schwartz
260 ## - PUBLICATION, DISTRIBUTION, ETC. (IMPRINT)
Place of publication, distribution, etc New York
Name of publisher, distributor, etc W.W. Norton and Company,Inc.
Date of publication, distribution, etc 1978
Holdings
Withdrawn status Lost status Source of classification or shelving scheme Damaged status Koha normalized classification for sorting Not for loan Location (home branch) Sublocation or collection (holding branch) Shelving location Date acquired Koha issues (times borrowed) Koha full call number Piece designation (barcode) Koha date last seen Koha date last borrowed Price effective from Koha item type
    Library of Congress Classification   BF_00319_S38_1978   ARRUPE LIBRARY ARRUPE LIBRARY Main Collection 22/04/2014 1 BF319.S38 1978 46003003763 12/09/2016 22/04/2014 22/04/2014 Monograph ( Printed materials)

 

Arrupe Library. PO Box MP320 Mt Pleasant, Harare, Zimbabwe
263 242 745411|librarian@aju.ac.zw